|
000
|
00983nam0 2200289 45
|
|
001
|
1565
|
|
005
|
20010409161116.5
|
|
010
|
|
@a7-5607-1477-3@dCNY12.80
|
|
100
|
|
@a20010330e20001999em y0chiy0110 ea
|
|
101
|
0
|
@achi
|
|
102
|
|
@aCN@b370000
|
|
105
|
|
@ay z 000yy
|
|
106
|
|
@ar
|
|
200
|
1
|
@a大学体育教程@Ada xue ti yu jiao cheng@f倪文治,张瑞林主编
|
|
205
|
|
@a2版
|
|
210
|
|
@a济南@c山东大学出版社@d1999@h2000重印
|
|
215
|
|
@a480页@d20cm
|
|
300
|
|
@a山东省高等学校通用教材
|
|
330
|
|
@a本书汲取目前学校教育出现的新集成,以开展素质教育、培养大学生的体育意识和体育能力为主线,阐述了学校体育的沿革和发展趋势,论述了体育科学的基本原理,以及进行体育锻炼的方法和手段并简要介绍了时兴的余暇体育内容。
|
|
510
|
1
|
@aA Collegiate Course in P.E.@zeng
|
|
606
|
0
|
@a体育@x高等学校@j教材
|
|
606
|
0
|
@2CT@3S073664@a体育
|
|
690
|
|
@aG80@v4
|
|
701
|
0
|
@a倪文治@Ani wen zhi@4主编
|
|
701
|
0
|
@a张瑞林@Azhang rui lin@4主编
|
|
801
|
0
|
@aCN@bNLC@c20010409
|
|
905
|
|
@dG80@e20
|
|
|
|
|
| |
| 大学体育教程/倪文治,张瑞林主编.-2版.-济南:山东大学出版社,1999(2000重印) |
| 480页;20cm |
| 山东省高等学校通用教材 |
| |
| ISBN 7-5607-1477-3:CNY12.80 |
| 本书汲取目前学校教育出现的新集成,以开展素质教育、培养大学生的体育意识和体育能力为主线,阐述了学校体育的沿革和发展趋势,论述了体育科学的基本原理,以及进行体育锻炼的方法和手段并简要介绍了时兴的余暇体育内容。 |
| ● |
正题名:大学体育教程
索取号:G80/20
 
预约/预借
| 序号
|
登录号
|
条形码
|
馆藏地/架位号
|
状态
|
备注
|
|
1
|
333380
|
300333380
|
海科密-1楼/19架8列4层/
[索取号:G80/20]
|
在馆
|
|
|
2
|
333381
|
300333381
|
海科密-1楼/19架8列4层/
[索取号:G80/20]
|
在馆
|
|
|
3
|
333382
|
300333382
|
海科密-1楼/19架8列4层/
[索取号:G80/20]
|
在馆
|
|